Vista normal Vista MARC

Entrada Topical Term

Número de registros utilizados en: 3

001 - CONTROL NUMBER

  • control field: 24236

003 - CONTROL NUMBER IDENTIFIER

  • control field: OSt

005 - DATE AND TIME OF LATEST TRANSACTION

  • control field: 20230915231108.0

008 - FIXED-LENGTH DATA ELEMENTS

  • fixed length control field: 230915|| aca||aabn | a|a d

040 ## - CATALOGING SOURCE

  • Original cataloging agency: OSt
  • Transcribing agency: OSt

150 ## - HEADING--TOPICAL TERM

  • Topical term or geographic name entry element: CRUSTACEOS

670 ## - SOURCE DATA FOUND

  • Source citation: Work cat.: (OSt)26691: Lee, Daniel O'C.; Wickins, John 24235, Cultivo de crustáceos, Acribia









Instituto Departamental de Cultura del Meta - Red Departamental de Bibliotecas Públicas del Meta.